Hamburger SV - Statistiken

Allgemein
  • Dieses Quiz wurde 177 mal gespielt
  • Das Durchschnittsergebnis liegt bei 9 aus 14
Antwortstatistiken
Frage Antwort % Korrekt
Wie lautet der vollständige Vereinsname des HSV? Hamburger Sport-Verein
98%
Wie heißt das Heimstadion des HSV (Stand: 2025)? Volksparkstadion
94%
Wie viele deutsche Meisterschaften hat der HSV gewonnen? 6
93%
Wie viele Versuche (Relegationen etc.) hatte der HSV, um nach 2018 wieder aufzusteigen (Stand: 2025)? 6
93%
Wann gewann der HSV den Europapokal der Landesmeister (heute: Champions League)? 1983
84%
Wann wurde der HSV gegründet (Gründungsdatum laut Fusion)? 1887 / 1919
79%
Wie lange war der HSV ununterbrochen in der Bundesliga, bevor er 2018 abstieg? 55 Jahre
73%
Welcher Verein war der letzte HSV-Gegner vor dem Bundesliga-Abstieg 2018? Borussia Mönchengladbach
62%
Wie lautet der Spitzname des HSV, besonders in Hamburg? Rothosen
57%
Welche Farbe hat das HSV-Vereinswappen es ist schwarz, weiß und blau
48%
Welcher legendäre Torhüter war Kapitän beim CL-Sieg 1983? Uli Stein
36%
Welcher Stürmer erzielte für den HSV in den 2000ern über 100 Pflichtspieltore? Sergej Barbarez
29%
Wie heißt die berühmte Stadionuhr, die bis 2018 im Volksparkstadion stand? Bundesliga-Uhr
18%
Welcher bekannte Trainer coachte den HSV 2006–2007 und später die Nationalmannschaft? Huub Stevens
13%
Keine übereinstimmenden Quizze gefunden
Verteilung der Resultate
Anzahl Personen mit jedem Resultat
Perzentil nach korrekt beantworteten Fragen
Ihre Resultats-Entwicklung
Sie haben dieses Quiz noch nicht gespielt